Naše zrkadlenie v Konfuciovi

Bibliographic Details
Main Author: Kolivoško, Štefan, 1947- (Author)
Format: Article
Language:Slovak
Subjects:
Online Access:http://www.vkjb.sk/vkjb_zdroje/casopis_knihovnik/1997_01/02.pdf

MARC

LEADER 00000nab a2200000 a 4500
001 vtls000897909
003 SK-MaSNL
005 20260303173238.0
008 040720e19970000xo 0 slo
035 |a KE6930 
040 |a KEVKJB  |b slo  |c KEVKJB  |e AACR2 
041 0 |a slo 
044 |a xo  |c SK 
080 |a 02-051  |2 1981 
080 |a 82-84  |2 1981 
100 1 |a Kolivoško, Štefan,  |d 1947-  |4 aut  |9 105933 
245 1 0 |a Naše zrkadlenie v Konfuciovi 
600 0 7 |a Konfucius,  |d asi 552-479 pred Kristom  |2 KEVKJB  |9 155524 
650 0 7 |a knihovníctvo  |2 KEVKJB  |9 1557 
655 7 |a úvahy  |2 KEVKJB  |9 29403 
773 0 8 |t Knihovník, č.1 (1997), s. 2-7 
852 |a ZVYKNI  |b KIS3GCP 
856 4 1 |u http://www.vkjb.sk/vkjb_zdroje/casopis_knihovnik/1997_01/02.pdf 
958 |a KL 
999 |c 2091721  |d 2093651